| 000 | 01076nac a22002537a 4500 | ||
|---|---|---|---|
| 005 | 20150811161741.0 | ||
| 008 | 150811b2014 ck |||||r|||| 00| 0 spa d | ||
| 040 |
_aCO-BoIAVH _cCO-BoIAVH |
||
| 041 | 0 | _aspa | |
| 044 | _ack | ||
| 090 |
_aEA- _b304 |
||
| 100 | 1 | _aRentería Maturana, Elmer | |
| 245 | 1 |
_aCocinar conservando _bmanual para la construcción de fogones ahorraleña |
|
| 260 | 3 |
_aBogotá (Colombia): _bFundación MarViva, _c2014. |
|
| 300 |
_a28 cm. _bfotografías, color. _c21 cm. |
||
| 490 | _aProyecto Incentivos a la Conservación, caso piloto Pacífico | ||
| 505 | _aMateriales y herramientas para construir el fogón ahorraleña. El paso a paso para construir un fogón ahorraleña. Recomendaciones de uso y cuidado del fogón. | ||
| 650 | 6 |
_aConservación de ecosistemas _vManual |
|
| 650 | 6 |
_aProducto forestal _vManual _xConservación |
|
| 650 | 6 |
_aMateriales de construcción _vManual _xFogón |
|
| 700 | 1 | _aMurillo Palacios, Jorge Enrique | |
| 700 | 1 | _aTavera Escobar, Héctor A. | |
| 942 |
_2z _cFolleto |
||
| 999 |
_c17665 _d17665 |
||